00414pab a2200133 454500008004000000100001800040245008900058260000900147300001300156362001100169650003800180650002800218773003400246180718b2010 xxu||||| |||| 00| 0 eng d aAcharya, Alka aOne step forward, three steps backward: the danger of drift in India-China relations c2010 ap.10-12. a18 Sep aIndia - Foreign relations - China aInternational relations aEconomic and Political Weekly